banner koha

Growth of Eremanthus erythropappus (DC.) MacLeish in Different Planting Spacings (Registro n. 341070)

MARC details
000 -LÍDER
fixed length control field 01997nab a2200289 i 4500
003 - CÓDIGO MARC DA AGÊNCIA CATALOGADORA
Campo de controle BR-BrBNA
005 - DATA E HORA DA ÚLTIMA ATUALIZAÇÃO
Campo de controle 20260326165128.0
008 - CAMPO DE TAMANHO FIXO
fixed length control field 260326b2019 bl.qr|pooa||| 00| 0 eng |
040 ## - FONTE DA CATALOGAÇÃO
Agência catalogadora BR-BrBNA
Idioma da catalogação eng
072 ## - CATEGORIA AGRIS
Código AGRIS K10
Código do objeto 3290
100 ## - ENTRADA PRINCIPAL - NOME PESSOAL
Nome pessoal Páscoa, Kalill José Viana da
100 ## - ENTRADA PRINCIPAL - NOME PESSOAL
Nome pessoal Scolforo, José Roberto Soares
100 ## - ENTRADA PRINCIPAL - NOME PESSOAL
Nome pessoal Ferraz Filho, Antonio Carlos
100 ## - ENTRADA PRINCIPAL - NOME PESSOAL
Nome pessoal Altoé, Thiza Falqueto
100 ## - ENTRADA PRINCIPAL - NOME PESSOAL
Nome pessoal Gomide, Lucas Rezende
245 ## - TÍTULO PRINCIPAL
Título principal Growth of Eremanthus erythropappus (DC.) MacLeish in Different Planting Spacings
500 ## - NOTA GERAL
Nota geral Publicação on-line; 11 ref.; 7 tables; 2 illus.; Summary (En)
942 ## - ADDED ENTRY ELEMENTS (KOHA)
Koha item type Analítica
520 ## - NOTA DE RESUMO
Nota de conteúdo <br/><br/>ABSTRACT<br/><br/>This study aimed to evaluate the growth of Eremanthus erythropappus (DC.) MacLeish submitted to<br/>different planting spacing and growth modelling based on the diameter and crown area projection,<br/>as well as to identify the best management strategy to be applied to control the competition,<br/>period and intensity of thinning. The evaluated planting spacings were: 1.5 × 1.5 m; 1.5 × 2.0 m;<br/>1.5 × 2.5 m and 1.5 × 3.0 m. Diametric growth modelling in function of the age and crown area<br/>projection according to the mixed models methodology was efficient and the individual tree<br/>modelling allowed for defining a correct thinning prescription for tree plantations in relation to<br/>the percentage of removal needed at each spacing, thus permitting the trees to grow free from<br/>competition and produce trees with larger diameters.<br/><br/>Keywords: Individual tree models, forest management, thinning schedule.
650 ## - ASSUNTO - THESAGRO
Cabeçalho tópico ou nome geográfico CANDEIA
650 ## - ASSUNTO - THESAGRO
Cabeçalho tópico ou nome geográfico MANEJO
650 ## - ASSUNTO - THESAGRO
Cabeçalho tópico ou nome geográfico FLORESTA
650 ## - ASSUNTO - THESAGRO
Cabeçalho tópico ou nome geográfico DESBASTE
773 0# - ENTRADA ANALÍTICA
Host Biblionumber 2929
Registro do item 347951
Imprenta Rio de Janeiro-RJ Instituto de Florestas - UFRRJ 1994
Outro identificador 2025-0450
Título Floresta e Ambiente (Brazil)
ISSN 1415-0980 / ISSN 2179-8087 0nline
Colação v. 26(2) p. 1-10; (2019)
Número de controle de registro BR2026000299
856 ## - ACESSO E ENDEREÇO ELETRÔNICO
Identificador uniforme de recurso - URI https://www.scielo.br/j/floram/a/gXjYxn5DBQpZ5whw7PHRqLR/?format=pdf&lang=en

Nenhum exemplar disponível.

BINAGRI

Telefone: (61)3218-2567/2388/3357/2097 - binagri@agro.gov.br

Ministério da Agricultura e Pecuária , Esplanada dos Ministérios, Bloco D, Anexo B, Brasília/DF, CEP: 70.043-900